[Event "Campeonato del Mundo sub-18 Femenino"]
[Site "Kemer TUR"]
[Date "2009.11.22"]
[Round "11.17"]
[White "Alpysbayeva, Aigerim"]
[Black "Richard, Emma"]
[Result "0-1"]
[WhiteElo "1972"]
[BlackElo "2135"]
[PlyCount "74"]
[EventDate "2009.11.11"]
[EventType "swiss"]
[EventRounds "11"]
[EventCountry "TUR"]
[Source "lmi"]
[SourceDate "2009.11.11"]

1. Nf3 Nf6 2. g3 g6 3. Bg2 Bg7 4. O-O O-O 5. c4 d6 6. d4 Nc6 7. Nc3 Nd7 8. e4
e5 9. d5 Ne7 10. Be3 f5 11. Qd2 Nf6 12. Nh4 Ng4 13. h3 Nxe3 14. fxe3 Bh6 15.
exf5 gxf5 16. Rae1 Ng6 17. Nxg6 hxg6 18. Kh2 Rf7 19. Qe2 Bd7 20. Nd1 Qf8 21.
Nf2 Rb8 22. Nd3 b5 23. b3 Qg7 24. e4 f4 25. gxf4 Bxf4+ 26. Nxf4 exf4 27. e5
dxe5 28. c5 Re8 29. c6 Bc8 30. Qxb5 Qh6 31. Qd3 Ref8 32. d6 f3 33. d7 Qf4+ 34.
Kh1 Qg3 35. Bxf3 Qxh3+ 36. Kg1 Qg3+ 37. Kh1 Rh7+ 0-1

[Event "Campeonato del Mundo sub-18 Femenino"]
[Site "Kemer TUR"]
[Date "2009.11.22"]
[Round "11.18"]
[White "Hannes, Diana"]
[Black "Ursente, Maria-Eugenia"]
[Result "1-0"]
[WhiteElo "2125"]
[BlackElo "1968"]
[PlyCount "31"]
[EventDate "2009.11.11"]
[EventType "swiss"]
[EventRounds "11"]
[EventCountry "TUR"]
[Source "lmi"]
[SourceDate "2009.11.11"]

1. e4 g6 2. d4 Bg7 3. Nc3 d6 4. f4 Nf6 5. Nf3 O-O 6. Be3 Na6 7. Qd2 c5 8. O-O-O
Qa5 9. Kb1 Bg4 10. Be2 cxd4 11. Nxd4 Nc5 12. e5 Bxe2 13. exf6 Bxd1 14. fxg7
Bxc2+ 15. Nxc2 Kxg7 16. b4 1-0

[Event "Campeonato del Mundo sub-18 Femenino"]
[Site "Kemer TUR"]
[Date "2009.11.22"]
[Round "11.19"]
[White "Deur, Zrinka"]
[Black "Hamza, Amira"]
[Result "1-0"]
[WhiteElo "2089"]
[BlackElo "1883"]
[PlyCount "103"]
[EventDate "2009.11.11"]
[EventType "swiss"]
[EventRounds "11"]
[EventCountry "TUR"]
[Source "lmi"]
[SourceDate "2009.11.11"]

1. e4 e6 2. d4 d5 3. Nc3 Nf6 4. e5 Nfd7 5. f4 c5 6. Nf3 Nc6 7. Be3 Qb6 8. Rb1
cxd4 9. Nxd4 Nxd4 10. Bxd4 Bc5 11. Bxc5 Qxc5 12. Qd2 a6 13. Qf2 Qxf2+ 14. Kxf2
f6 15. exf6 Nxf6 16. Re1 O-O 17. g3 Bd7 18. Bh3 d4 19. Nb1 e5 20. Bxd7 Nxd7 21.
Re4 Nf6 22. Ree1 e4 23. Kg2 Rac8 24. c3 d3 25. Nd2 Rfe8 26. Re3 Re7 27. Rhe1
Rce8 28. h3 h5 29. g4 Kf7 30. g5 Nd5 31. Rxe4 Rxe4 32. Rxe4 Rxe4 33. Nxe4 Nxf4+
34. Kg3 Ne2+ 35. Kf2 Nc1 36. Ke3 Kg6 37. Kd2 Nxa2 38. Kxd3 Nc1+ 39. Kd2 Nb3+
40. Ke3 b5 41. Kf4 a5 42. h4 Nc1 43. Nc5 b4 44. cxb4 axb4 45. Ke5 Ne2 46. Nd3
Ng3 47. Nf4+ Kf7 48. g6+ Ke7 49. Nd5+ Kd7 50. Kf4 Nf1 51. Nxb4 Ke7 52. Kf5 1-0

[Event "Campeonato del Mundo sub-18 Femenino"]
[Site "Kemer TUR"]
[Date "2009.11.22"]
[Round "11.20"]
[White "Aliaga Fernandez, Ingrid Yadyra"]
[Black "Jafari, Golnaz"]
[Result "1-0"]
[WhiteElo "2146"]
[BlackElo "1999"]
[PlyCount "81"]
[EventDate "2009.11.11"]
[EventType "swiss"]
[EventRounds "11"]
[EventCountry "TUR"]
[Source "lmi"]
[SourceDate "2009.11.11"]

1. e4 c5 2. Nf3 e6 3. d4 cxd4 4. Nxd4 a6 5. Bd3 Nf6 6. O-O Qc7 7. Kh1 Bc5 8.
Nb3 Be7 9. f4 d6 10. c4 O-O 11. Nc3 Nbd7 12. Be3 b6 13. Rc1 Bb7 14. Qe2 Nc5 15.
Nxc5 bxc5 16. Bf2 Nd7 17. Bg3 Rfe8 18. Qc2 g6 19. Be2 Bf6 20. Bf3 Bd4 21. Rcd1
Nb6 22. b3 Rad8 23. Bh4 Rd7 24. Ne2 d5 25. cxd5 exd5 26. Bg4 dxe4 27. Bxd7 Qxd7
28. Bf6 Nd5 29. Bxd4 cxd4 30. Rxd4 Qg4 31. Rxe4 Rxe4 32. Qxe4 Ne3 33. Qxb7 Nxf1
34. Qf3 Qxf3 35. gxf3 Ne3 36. Nc3 Kg7 37. Kg1 Kf6 38. Kf2 Nc2 39. Nd5+ Kf5 40.
Ne3+ Nxe3 41. Kxe3 1-0

[Event "Campeonato del Mundo sub-18 Femenino"]
[Site "Kemer TUR"]
[Date "2009.11.22"]
[Round "11.21"]
[White "Gvilava, Maya"]
[Black "Ibragimova, Iroda"]
[Result "0-1"]
[WhiteElo "2061"]
[BlackElo "1917"]
[PlyCount "54"]
[EventDate "2009.11.11"]
[EventType "swiss"]
[EventRounds "11"]
[EventCountry "TUR"]
[Source "lmi"]
[SourceDate "2009.11.11"]

1. e4 e6 2. d4 d5 3. Nd2 Nc6 4. c3 e5 5. dxe5 Nxe5 6. Ngf3 Bg4 7. Be2 Nxf3+ 8.
Bxf3 Bxf3 9. Qxf3 Qd7 10. exd5 O-O-O 11. c4 Re8+ 12. Kf1 Nf6 13. Nb3 Qa4 14.
Qd3 Re4 15. Nd4 Bc5 16. Be3 Rd8 17. b3 Qa5 18. Nc2 Bxe3 19. b4 Qa4 20. Nxe3
Qxb4 21. Rb1 Qa4 22. Qb3 Qa6 23. h3 Re5 24. Qb5 Qb6 25. Qe8 Rexe8 26. Rxb6 a6
27. Ke2 Kd7 0-1

[Event "Campeonato del Mundo sub-18 Femenino"]
[Site "Kemer TUR"]
[Date "2009.11.22"]
[Round "11.23"]
[White "Hadziselimovic, Maja"]
[Black "Orehek, Spela"]
[Result "0-1"]
[WhiteElo "1681"]
[BlackElo "1890"]
[PlyCount "86"]
[EventDate "2009.11.11"]
[EventType "swiss"]
[EventRounds "11"]
[EventCountry "TUR"]
[Source "lmi"]
[SourceDate "2009.11.11"]

1. g3 d5 2. Bg2 c6 3. Nf3 Bg4 4. O-O Nd7 5. d4 Ngf6 6. Re1 e6 7. Bg5 Qb6 8. b3
Ne4 9. Bf4 Bb4 10. Rf1 Ndf6 11. Ne5 Nc3 12. Nxc3 Bxc3 13. Rb1 Qxd4 14. Qxd4
Bxd4 15. Nxg4 Nxg4 16. e3 Bb6 17. h3 Nf6 18. Be5 Ke7 19. b4 Rhd8 20. a4 Ne4 21.
Bxe4 dxe4 22. a5 Rd5 23. Bxg7 Bc7 24. Rfd1 f6 25. Rxd5 cxd5 26. h4 Kf7 27. Bh6
Kg6 28. Bf4 e5 29. Bxe5 Bxe5 30. Rd1 Rc8 31. Rxd5 Rxc2 32. Rb5 Rc7 33. g4 Kf7
34. g5 Ke6 35. gxf6 Bxf6 36. h5 Bd8 37. Kg2 Rg7+ 38. Kf1 b6 39. axb6 Bxb6 40.
Ke2 Rf7 41. Rg5 Rf5 42. Rg4 Ke5 43. Ke1 Rxh5 0-1

[Event "Campeonato del Mundo sub-18 Femenino"]
[Site "Kemer TUR"]
[Date "2009.11.22"]
[Round "11.24"]
[White "Iordanidou, Zoi"]
[Black "Dimitrova, Aseniya"]
[Result "1-0"]
[WhiteElo "2060"]
[BlackElo "1744"]
[PlyCount "55"]
[EventDate "2009.11.11"]
[EventType "swiss"]
[EventRounds "11"]
[EventCountry "TUR"]
[Source "lmi"]
[SourceDate "2009.11.11"]

1. e4 c5 2. Nf3 d6 3. d3 Nc6 4. g3 g6 5. Bg2 Bg7 6. O-O e6 7. c3 Nge7 8. Be3
O-O 9. Qd2 Re8 10. Bh6 Bh8 11. Na3 d5 12. Rad1 b6 13. Qc1 Ba6 14. Rfe1 b5 15.
e5 b4 16. Nb1 bxc3 17. bxc3 Nf5 18. Bg5 Qc7 19. g4 Nfe7 20. Bf6 Rab8 21. Qh6
Nxe5 22. Bxe5 Bxe5 23. Nxe5 Rb2 24. g5 Nf5 25. Qh3 Reb8 26. Ng4 Kf8 27. Qxh7
Rxa2 28. Rxe6 1-0

[Event "Campeonato del Mundo sub-18 Femenino"]
[Site "Kemer TUR"]
[Date "2009.11.22"]
[Round "11.25"]
[White "De Oliveira, Ana Paula"]
[Black "Elansary, Eman"]
[Result "1-0"]
[WhiteElo "1786"]
[BlackElo "1926"]
[PlyCount "77"]
[EventDate "2009.11.11"]
[EventType "swiss"]
[EventRounds "11"]
[EventCountry "TUR"]
[Source "lmi"]
[SourceDate "2009.11.11"]

1. Nf3 Nf6 2. g3 g6 3. Bg2 Bg7 4. d3 d6 5. c4 c5 6. Nc3 Nc6 7. Bd2 Bd7 8. O-O
O-O 9. Rb1 Rb8 10. a3 b6 11. b4 Qc7 12. b5 Nd8 13. a4 a5 14. bxa6 Qa7 15. Qb3
Qxa6 16. a5 Nc6 17. axb6 Nb4 18. Nb5 Bxb5 19. Bxb4 Bc6 20. Bc3 Nd7 21. Bxg7
Kxg7 22. Qb2+ Kg8 23. Ra1 Qc8 24. Nd2 Bxg2 25. Kxg2 Rxb6 26. Qa2 Qc6+ 27. Kg1
Rfb8 28. Rfb1 Rxb1+ 29. Nxb1 Nb6 30. Nc3 Ra8 31. Qb2 Rxa1+ 32. Qxa1 Qb7 33. Qb2
Qb8 34. Nd5 Nd7 35. Qxb8+ Nxb8 36. Nxe7+ Kf8 37. Nc8 Ke8 38. Nxd6+ Kd7 39. Nxf7
1-0

[Event "Campeonato del Mundo sub-18 Femenino"]
[Site "Kemer TUR"]
[Date "2009.11.22"]
[Round "11.26"]
[White "Finnbogadottir, Tinna"]
[Black "Barbier, Wiebke"]
[Result "0-1"]
[WhiteElo "1710"]
[BlackElo "1911"]
[PlyCount "33"]
[EventDate "2009.11.11"]
[EventType "swiss"]
[EventRounds "11"]
[EventCountry "TUR"]
[Source "lmi"]
[SourceDate "2009.11.11"]

1. e4 e5 2. Nf3 Nf6 3. Nc3 d6 4. h3 c6 5. d4 Qc7 6. Bc4 b5 7. Bb3 b4 8. dxe5
dxe5 9. Bg5 bxc3 10. Bxf7+ Ke7 11. Be3 Nbd7 12. Bb3 cxb2 13. Rb1 h6 14. Rxb2
Rh7 15. h4 g6 16. h5 Rg7 17. hxg6 0-1

[Event "Campeonato del Mundo sub-18 Femenino"]
[Site "Kemer TUR"]
[Date "2009.11.22"]
[Round "11.27"]
[White "Ursu, Ana-Maria"]
[Black "Walallawita, Lihini Ashwini"]
[Result "1-0"]
[WhiteElo "1876"]
[BlackElo "1797"]
[PlyCount "94"]
[EventDate "2009.11.11"]
[EventType "swiss"]
[EventRounds "11"]
[EventCountry "TUR"]
[Source "lmi"]
[SourceDate "2009.11.11"]

1. c4 e5 2. Nc3 Nf6 3. Nf3 Nc6 4. g3 Be7 5. Bg2 d6 6. d3 h6 7. O-O Be6 8. Rb1
a5 9. Ne1 d5 10. Qb3 Nb4 11. a3 d4 12. axb4 dxc3 13. bxc3 a4 14. Qa2 c6 15. b5
Qc7 16. Ba3 c5 17. e4 O-O 18. Nc2 b6 19. f4 Ra7 20. f5 Bc8 21. Ne3 Bd6 22. g4
Bb7 23. Qe2 Nh7 24. Bc1 Be7 25. Qf2 Qd8 26. Nd5 Bh4 27. Qe2 Qd6 28. Ra1 Ra5 29.
Ra3 Rfa8 30. Be3 Bd8 31. Rfa1 Qb8 32. Qf2 R8a7 33. Qg3 Bxd5 34. exd5 Bc7 35.
Be4 Nf6 36. Kf2 Nxe4+ 37. dxe4 Qd8 38. g5 hxg5 39. Bxg5 f6 40. Bh6 Qe7 41. Rg1
Bd6 42. Bxg7 Qxg7 43. Qh4 Qxg1+ 44. Kxg1 Rg7+ 45. Kf2 Kf7 46. Qh5+ Ke7 47. Qh8
Ra7 1-0